Fronteras de Francia - ¡Muerte súbita! - Estadísticas

Estadísticas generales
  • Esta prueba ha sido intentada 77 veces
    76 desde el último reinicio
  • La puntuación promedio es 6 de 10
Answers on the Grid
Answers color-coded by a green-red scale on the quiz's grid according to % correct below.
Alemania
Andorra
Austria
Bélgica
Brasil
Ciudad del Vaticano
Dinamarca
Eslovenia
España
Guyana
Italia
Liechtenstein
Luxemburgo
Mónaco
Países Bajos
Polonia
Portugal
Reino Unido
República Checa
San Marino
Suiza
Surinam
Barbados
Venezuela
 
Estadísticas de respuestas
Respuesta % Correcto
España
77%
Bélgica
68%
Andorra
66%
Suiza
66%
Mónaco
64%
Italia
63%
Luxemburgo
50%
Alemania
48%
Brasil
43%
Surinam
34%
No se encontraron pruebas coincidentes
Distribución de puntuación
Porcentaje de gente con cada puntuación
Porcentaje por número respondido
Historial de tus puntuaciones
No has intentado esta prueba desde el último reinicio